| 000 | 00684nam a2200289Ia 4500 | ||
|---|---|---|---|
| 005 | 20260324152517.0 | ||
| 008 | 008 260324s9999 xx 000 0 eng d | ||
| 020 | _a9780128008867 | ||
| 037 | _aEBOOK | ||
| 040 | _aCRL | ||
| 040 | _beng | ||
| 040 | _cCRL | ||
| 041 | _2eng | ||
| 041 | _aeng | ||
| 084 | _qCRL | ||
| 100 |
_aColeman, William _91229022 |
||
| 245 | 0 | _aDiagnostic Molecular Pathology | |
| 260 | _bElsevier | ||
| 260 | _c2016 | ||
| 650 | _aBiochemistry | ||
| 650 | _aGenetics | ||
| 650 | _aMolecular Biology | ||
| 856 | _uhttps://www.sciencedirect.com/science/book/9780128008867 | ||
| 942 | _cEBOOK | ||
| 999 |
_c1839673 _d1839673 |
||